TH-SOF-1109-Design of Pressure Vessel A Comparative Study Between Code Vs Analysis Approach (Record no. 577216)
[ view plain ]
| 000 -LEADER | |
|---|---|
| fixed length control field | 00407nam a22001217a 4500 |
| 082 ## - DEWEY DECIMAL CLASSIFICATION NUMBER | |
| Classification number | 200 THE |
| 100 ## - MAIN ENTRY--PERSONAL NAME | |
| Personal name | Salman Ahmed Qureshi |
| 9 (RLIN) | 70205 |
| 245 ## - TITLE STATEMENT | |
| Title | TH-SOF-1109-Design of Pressure Vessel A Comparative Study Between Code Vs Analysis Approach |
| 260 ## - PUBLICATION, DISTRIBUTION, ETC. | |
| Place of publication, distribution, etc. | Islamabad |
| Name of publisher, distributor, etc. | NUST College of EME |
| Date of publication, distribution, etc. | 2015 |
| 650 ## - SUBJECT ADDED ENTRY--TOPICAL TERM | |
| Topical term or geographic name entry element | MS-MECH-68 MSTHESIS |
| 9 (RLIN) | 70206 |
| 700 ## - ADDED ENTRY--PERSONAL NAME | |
| Personal name | Supervison Dr.Hasan Aftab Saeed |
| 9 (RLIN) | 70207 |
| 942 ## - ADDED ENTRY ELEMENTS (KOHA) | |
| Koha item type | Computer Files |
| Withdrawn status | Lost status | Damaged status | Not for loan | Permanent Location | Current Location | Shelving location | Date acquired | Total Checkouts | Full call number | Barcode | Date last seen | Price effective from | Koha item type |
|---|---|---|---|---|---|---|---|---|---|---|---|---|---|
| College of Electrical & Mechanical Engineering (CEME) | College of Electrical & Mechanical Engineering (CEME) | Reference | 11/25/2019 | 200 THE | TH-SOF-1109 | 06/28/2021 | 06/28/2021 | Computer Files |
